Statistics for Feasts of Israel

Click here to take the quiz!

General Stats

  • This quiz has been taken 6 times
  • The average score is 4 of 7

Answer Stats

Feasts% Correct
{Passover}
100%
Festival of {Weeks}
83%
Day of {Atonement}
67%
Feast of {Tabernacles}
50%
Feast of {Trumpets}
33%
Feast of {Unleavened} {Bread}
33%
Feast of {First} {Fruits}
17%

Score Distribution

Percentile by Number Answered

Percent of People with Each Score

Your Score History

You have not taken this quiz